| 000 | 00587nam a2200217Ia 4500 | ||
|---|---|---|---|
| 001 | 7101 | ||
| 003 | GE_BSU | ||
| 008 | 181216s||||||||xx |||||||||||||| ||und|| | ||
| 040 | _cGE_BSU | ||
| 080 | _a517.951 | ||
| 100 | _aАхиезер,Н.И. | ||
| 245 | _aЛекции по теории апроксимации | ||
| 245 | _cред.Д.А.Райков | ||
| 260 | _aМ-Л | ||
| 260 | _bГостехиздат | ||
| 260 | _c1947 | ||
| 300 | _a323стр. | ||
| 300 | _eБиблиогр стр.322 | ||
| 653 | _aЛекции по теории апроксимации | ||
| 942 | _cBK | ||
| 999 |
_c40490 _d40490 |
||